Grammar express : for self-study and classroom use /
Na minha lista:
| Autor principal: | |
|---|---|
| Outros Autores: | |
| Formato: | Livro |
| Idioma: | Vietnamese English |
| Publicado em: |
Đà Nẵng :
Nxb Đà Nẵng,
2003.
|
| Assuntos: | |
| Tags: |
Adicionar Tag
Sem tags, seja o primeiro a adicionar uma tag!
|
| Thư viện lưu trữ: | Mạng thư viện Đại học Đà Nẵng |
|---|
| LEADER | 01204nam a2200361 a 4500 | ||
|---|---|---|---|
| 001 | 000041413 | ||
| 003 | 15803 | ||
| 005 | 20201103152643.0 | ||
| 008 | 171030s2003 | ||
| 020 | |c 40000 | ||
| 040 | |a lnn |c lnn |d lnn | ||
| 041 | 0 | |a vie |a eng | |
| 082 | 1 | 4 | |a 425 |b FU-M |
| 100 | 1 | |a Fuchs, Marjorie, |d 1949- | |
| 240 | 1 | 0 | |a Giáo trình ngữ pháp trình độ trung cấp : 2003 ed. |
| 245 | 0 | 0 | |a Grammar express : |b for self-study and classroom use / |c Marjorie Fuchs, Margaret Bonner. |
| 260 | |a Đà Nẵng : |b Nxb Đà Nẵng, |c 2003. | ||
| 300 | |a 415p. ; |c 20,5cm. | ||
| 630 | 0 | 4 | |a Anh ngữ. |
| 650 | 0 | 4 | |a Anh ngữ |x Ngữ pháp. |
| 650 | 0 | 4 | |a English language |x Grammar. |
| 650 | 0 | 4 | |a English grammar. |
| 700 | 1 | |a Bonner, Margaret. | |
| OWN | |a LNN | ||
| 902 | |a TKA | ||
| AVA | |a UDN50 |b LNN |c English |d 425 FU-M |e available |t Error 5001 Not defined in file expand_doc_bib_avail. |f 3 |g 0 |h N |i 0 |j AN | ||
| 999 | |a From the UDN01 | ||
| AVA | |a UDN50 |b LNN |c English |d 425 FU-M |e available |t Error 5001 Not defined in file expand_doc_bib_avail. |f 3 |g 0 |h N |i 0 |j AN | ||
| TYP | |a Monograph | ||
| TYP | |a Printed language | ||
| 980 | |a Mạng thư viện Đại học Đà Nẵng | ||